000 00876nam a2200277 i 4500
001 169780
003 ES-MaACL
005 20240204063020.0
008 081126s1994 sp |||| | spa d
017 _aM 32.721-1994
020 _a84-206-4649-0
080 _a75 Greco, El
080 _a929 Greco, El
100 _aCalvo Serraller, Francisco,
_d1948-2018
_9235031
245 1 0 _aEl Greco /
_cFrancisco Calvo Serraller.
260 _aMadrid :
_bAlianza Editorial,
_c1994.
300 _a64 p., VIII p. de lám. col. ;
_c15 cm.
490 1 _aAlianza cien ;
_v49
500 _aÍndices.
500 _aEn antep.: Textos completos.
600 0 4 _aEl Greco.
_946893
700 0 _aEl Greco.
_946893
830 0 _aAlianza cien ;
_v49
_9188880
852 4 _aES-MaACL
_jE-12304
_9R.190466
_z- Biblioteca Jacinto Martínez Lacalle
999 _c169780
_d169780